000 00387 a2200157 4500
001 61569
020 _a
040 _cAnchieta - Pituba
100 _aRocha, Zélia Maria M. de
240 1 0 _aManual de fisiologia vegetal
_lpor
245 1 0 _aManual de fisiologia vegetal
300 _a156
362 0 _a1983
650 4 _aBIOLOGIA, CIÊNICAS DA VIDA (CIÊNCIAS NATURAIS)
942 _cBK
999 _c61569
_d61569